Normal view
MARC view
- Khalid , Muhammad Bilal (TCC-17A)
Entry Personal Name
001 - CONTROL NUMBER
- control field: 131979
003 - CONTROL NUMBER IDENTIFIER
- control field: NUST
005 - DATE AND TIME OF LATEST TRANSACTION
- control field: 20251121141955.0
008 - FIXED-LENGTH DATA ELEMENTS
- fixed length control field: 251121|| aca||aabn | a|a d
040 ## - CATALOGING SOURCE
- Original cataloging agency: NUST
- Transcribing agency: NUST
100 ## - HEADING--PERSONAL NAME
- Personal name: Khalid , Muhammad Bilal (TCC-17A)
670 ## - SOURCE DATA FOUND
- Source citation: Work cat.: (NUST)183881: Khalid , Muhammad Bilal (TCC-17A), Think . Done A Brain computer interface (BCI) /, 2009
